[Event "ESP-chT CECLUB Honor"]
[Site "Linares"]
[Date "2020.09.26"]
[Round "4.3"]
[White "Kolotilina, Liudmila"]
[Black "Martin Fuentes, Alberto"]
[Result "0-1"]
[WhiteElo "2226"]
[BlackElo "2397"]
[PlyCount "118"]
[EventDate "2020.09.23"]
[EventType "team-tourn"]
[EventRounds "7"]
[EventCountry "ESP"]
[SourceTitle "CBM 198 Extra"]
[Source "ChessBase"]
[SourceDate "2020.11.30"]
[SourceVersion "1"]
[SourceVersionDate "2020.11.30"]
[SourceQuality "1"]
[WhiteTeam "Collado Villalba"]
[BlackTeam "Solvay"]
[WhiteTeamCountry "ESP"]
[BlackTeamCountry "ESP"]

1. e4 e6 2. d4 d5 3. Nc3 Bb4 4. Nge2 dxe4 5. a3 Bxc3+ 6. Nxc3 Nc6 7. d5 Nce7 8. Qg4 Kf8 9. dxe6 Nf6 10. Qe2 Bxe6 11. Nxe4 Nxe4 12. Qxe4 Bd5 13. Qd3 Bc6 14. Qxd8+ Rxd8 15. Bf4 Rd7 16. f3 Nd5 17. Bd2 f6 18. Bd3 Kf7 19. Kf2 Ne7 20. Rad1 Rhd8 21. Be3 Bb5 22. Be2 Bxe2 23. Rxd7 Rxd7 24. Kxe2 a6 25. Rd1 Rxd1 26. Kxd1 Ke6 27. Ke2 Ng6 28. b3 b5 29. g3 Kd5 30. Bc1 c5 31. Bb2 Ne7 32. Kd3 c4+ 33. bxc4+ bxc4+ 34. Kc3 Nf5 35. Kd2 h5 36. g4 hxg4 37. fxg4 Nd4 38. h3 Ke4 39. Kc3 Kd5 40. Kd2 Nf3+ 41. Ke3 Ne1 42. Kd2 Ng2 43. Kc3 Nf4 44. h4 Ng6 45. Kb4 Nxh4 46. Ka5 f5 47. gxf5 Nxf5 48. Bc1 c3 49. Kxa6 Nd4 50. a4 Kc6 51. Bf4 Nxc2 52. Be5 Nb4+ 53. Ka5 c2 54. Bf4 Nd3 55. Bd2 c1Q 56. Bxc1 Nxc1 57. Kb4 Nd3+ 58. Kc3 Ne5 59. Kd4 Nf7 0-1

[Event "ESP-ch 84th"]
[Site "Marbella"]
[Date "2019.11.20"]
[Round "5"]
[White "Kolotilina, Liudmila"]
[Black "Alsina Leal, Daniel"]
[Result "0-1"]
[WhiteElo "2242"]
[BlackElo "2467"]
[PlyCount "125"]
[EventDate "2019.11.16"]
[EventType "swiss"]
[EventRounds "9"]
[EventCountry "ESP"]
[SourceTitle "CBM 193 Extra"]
[Source "ChessBase"]
[SourceDate "2020.01.31"]
[SourceVersion "1"]
[SourceVersionDate "2020.01.31"]
[SourceQuality "1"]

1. e4 c5 2. Nc3 d6 3. d4 cxd4 4. Qxd4 Nc6 5. Qd2 Nf6 6. b3 e6 7. Bb2 Be7 8. 0-0-0 0-0 9. f4 a6 10. Kb1 b5 11. Bd3 Qc7 12. g4 Nd7 13. Nf3 Nc5 14. g5 f5 15. exf5 Nxd3 16. Qxd3 Rxf5 17. Qe3 Bf8 18. Nh4 Rc5 19. Rd2 d5 20. Ne2 e5 21. fxe5 d4 22. Nxd4 Rxe5 23. Qc3 Rc5 24. Qe3 Qe7 25. Qxe7 Nxe7 26. Nhf3 Nd5 27. Re1 Nc3+ 28. Bxc3 Rxc3 29. Re8 Bb7 30. Rxa8 Bxa8 31. Ne5 Re3 32. Ndc6 Rc3 33. Nd4 Rc5 34. Nd7 Rxg5 35. Nxf8 Rg1+ 36. Kb2 Kxf8 37. Nxb5 axb5 38. Rd8+ Ke7 39. Rxa8 Rg2 40. h3 Rh2 41. Rb8 Rxh3 42. Rxb5 Kd6 43. a4 Kc6 44. Rg5 g6 45. b4 Rh5 46. Rg3 Rf5 47. Kb3 g5 48. b5+ Kb7 49. Rh3 Rf7 50. Kb4 g4 51. Rh5 Rg7 52. a5 g3 53. a6+ Kb6 54. Rh6+ Ka7 55. Ka5 g2 56. b6+ Ka8 57. Re6 Rg5+ 58. Kb4 Rg8 59. Re7 g1Q 60. Ra7+ Kb8 61. Rb7+ Kc8 62. Rc7+ Kd8 63. a7 0-1

[Event "ESP-ch 84th"]
[Site "Marbella"]
[Date "2019.11.18"]
[Round "3"]
[White "Viciano Barrachina, Aitor"]
[Black "Kolotilina, Liudmila"]
[Result "0-1"]
[WhiteElo "1954"]
[BlackElo "2242"]
[PlyCount "94"]
[EventDate "2019.11.16"]
[EventType "swiss"]
[EventRounds "9"]
[EventCountry "ESP"]
[SourceTitle "CBM 193 Extra"]
[Source "ChessBase"]
[SourceDate "2020.01.31"]
[SourceVersion "1"]
[SourceVersionDate "2020.01.31"]
[SourceQuality "1"]

1. e4 c6 2. Nf3 d5 3. Nc3 Bg4 4. h3 Bh5 5. Be2 e6 6. 0-0 Nf6 7. d3 Be7 8. Bf4 Nbd7 9. Nh2 Bxe2 10. Qxe2 0-0 11. Bg3 Qb6 12. b3 Qa5 13. Nd1 dxe4 14. dxe4 Nh5 15. c4 Nxg3 16. fxg3 Qe5 17. Nb2 Qxg3 18. Rf3 Qg6 19. Nd3 Nc5 20. Nxc5 Bxc5+ 21. Kh1 Rad8 22. Ng4 Qg5 23. Ne3 Qe5 24. Nc2 Bd6 25. g3 f5 26. Rg1 Bc5 27. Rgf1 Qxe4 28. Qg2 Rd3 29. Ne1 Rxf3 30. Nxf3 Qe3 31. Re1 Qh6 32. h4 Qf6 33. Qe2 Re8 34. Ng5 e5 35. Rd1 h6 36. Qh5 Qe7 37. Nf3 e4 38. Ne1 Bf2 39. Kg2 Bxe1 40. Rxe1 Qf7 41. Qd1 f4 42. Qg4 f3+ 43. Kf2 e3+ 44. Kf1 f2 45. Re2 Qf6 46. Qf4 Qa1+ 47. Kg2 Qg1+ 0-1

[Event "EU-chT (Women) 22nd"]
[Site "Batumi"]
[Date "2019.10.24"]
[Round "1.12"]
[White "Kyrkjebo, Marte Bakken"]
[Black "Kolotilina, Liudmila"]
[Result "0-1"]
[WhiteElo "1871"]
[BlackElo "2242"]
[PlyCount "71"]
[EventDate "2019.10.24"]
[EventType "team-swiss"]
[EventRounds "9"]
[EventCountry "GEO"]
[SourceTitle "CBM 192 Extra"]
[Source "Chessbase"]
[SourceDate "2019.11.06"]
[SourceVersion "1"]
[SourceVersionDate "2019.11.06"]
[SourceQuality "1"]
[WhiteTeam "Norway (W)"]
[BlackTeam "Spain (W)"]
[WhiteTeamCountry "NOR"]
[BlackTeamCountry "ESP"]

1. e4 c5 2. Nf3 Nc6 3. Bb5 a6 4. Bxc6 dxc6 5. d3 Qc7 6. h3 e5 7. 0-0 Ne7 8. Be3 Ng6 9. a4 a5 10. Na3 Be7 11. Qd2 f6 12. Qc3 b6 13. Qb3 Nf8 14. Nd2 Ne6 15. Nac4 Rb8 16. Na3 Bd8 17. c3 Qf7 18. Nac4 Bc7 19. Qc2 0-0 20. Nf3 Rd8 21. Rfd1 Nf4 22. Bxf4 exf4 23. Qe2 Be6 24. Rd2 Ra8 25. Na3 Re8 26. d4 Bd5 27. e5 cxd4 28. cxd4 Rad8 29. Nc2 fxe5 30. Nxe5 Bxe5 31. dxe5 f3 32. Qe3 fxg2 33. Qg3 Qe7 34. Re1 Rf8 35. Ne3 Qb4 36. Red1 0-1

[Event "ESP-ch rapid"]
[Site "Linares"]
[Date "2019.08.24"]
[Round "4"]
[White "Alsina Leal, Daniel"]
[Black "Kolotilina, Liudmila"]
[Result "1-0"]
[WhiteElo "2477"]
[BlackElo "2270"]
[PlyCount "52"]
[EventDate "2019.08.24"]
[EventType "swiss (rapid)"]
[EventRounds "9"]
[EventCountry "ESP"]
[SourceTitle "EXT 2020"]
[Source "ChessBase"]
[SourceDate "2019.10.17"]
[SourceVersion "1"]
[SourceVersionDate "2019.10.17"]
[SourceQuality "1"]

1. e4 c5 2. Nf3 Nc6 3. d4 cxd4 4. Nxd4 e5 5. Nb5 d6 6. N1c3 a6 7. Na3 Be7 8. Be3 b5 9. Nd5 Rb8 10. Nb1 Nf6 11. Nbc3 0-0 12. Be2 b4 13. Nxf6+ Bxf6 14. Nd5 Bg5 15. 0-0 Bxe3 16. Nxe3 Nd4 17. Bc4 Qc7 18. c3 bxc3 19. bxc3 Ne6 20. Rb1 Rxb1 21. Qxb1 Nf4 22. Rd1 Bb7 23. h4 h6 24. g3 Ne6 25. Bd5 Bxd5 26. Nxd5 Nc5 1-0

[Event "Mallorca-ch"]
[Site "Mallorca"]
[Date "2019.04.28"]
[Round "4.2"]
[White "Kolotilina, Liudmila"]
[Black "Castell Cantero, Salvador"]
[Result "1-0"]
[WhiteElo "2227"]
[BlackElo "2179"]
[PlyCount "42"]
[EventDate "2019.04.26"]
[EventType "swiss"]
[EventRounds "5"]
[EventCountry "ESP"]
[SourceTitle "EXT 2024"]
[Source "ChessBase"]
[SourceDate "2023.10.10"]
[SourceVersion "1"]
[SourceVersionDate "2023.10.10"]
[SourceQuality "1"]

1. c4 Nf6 2. Nc3 e6 3. e4 d5 4. e5 Ne4 5. Nf3 c5 6. Qc2 Nxc3 7. dxc3 Nc6 8. Bd3 Qc7 9. 0-0 Nxe5 10. Nxe5 Qxe5 11. cxd5 a6 12. dxe6 Bxe6 13. f4 Qf6 14. Qa4+ Bd7 15. Qe4+ Be7 16. Qxb7 Bc6 17. Qc7 Rd8 18. Bc2 0-0 19. Re1 Rfe8 20. Be3 Rb8 21. Rab1 Bd8 1-0

[Event "Mallorca-ch"]
[Site "Mallorca"]
[Date "2019.04.26"]
[Round "?"]
[White "Kolotilina, Liudmila"]
[Black "Ponseti Lluch, Joan"]
[Result "1-0"]
[WhiteElo "2227"]
[BlackElo "1947"]
[PlyCount "63"]
[EventDate "2019.04.26"]
[EventType "swiss"]
[EventRounds "5"]
[EventCountry "ESP"]
[SourceTitle "EXT 2024"]
[Source "ChessBase"]
[SourceDate "2023.10.10"]
[SourceVersion "1"]
[SourceVersionDate "2023.10.10"]
[SourceQuality "1"]

1. e4 c5 2. Nc3 Nc6 3. a3 g6 4. Bc4 Bg7 5. d3 e6 6. Ba2 Nge7 7. h4 h5 8. Bg5 Qb6 9. Rb1 Ne5 10. Nge2 N7c6 11. b4 cxb4 12. d4 Ng4 13. f3 Nh6 14. Be3 Qa5 15. axb4 Nxb4 16. Bc4 Nc6 17. Qd2 a6 18. 0-0 b5 19. Ra1 Qd8 20. Bxb5 Bb7 21. Ba4 Ng8 22. Rab1 Na5 23. Qe1 Rc8 24. d5 Qc7 25. Bb6 Bxc3 26. Nxc3 Qxc3 27. Qxc3 Rxc3 28. Bxa5 Rc4 29. Bxd7+ Kxd7 30. Rxb7+ Kc8 31. Rfb1 Rxc2 32. d6 1-0

[Event "Mallorca-ch (Women)"]
[Site "Mallorca"]
[Date "2019.04.21"]
[Round "5"]
[White "Kolotilina, Liudmila"]
[Black "Sureda Gonzalez, Cristina"]
[Result "1-0"]
[WhiteElo "2227"]
[BlackElo "1383"]
[PlyCount "89"]
[EventDate "2019.04.19"]
[EventType "swiss"]
[EventRounds "5"]
[EventCountry "ESP"]
[SourceTitle "EXT 2024"]
[Source "ChessBase"]
[SourceDate "2023.10.10"]
[SourceVersion "1"]
[SourceVersionDate "2023.10.10"]
[SourceQuality "1"]

1. b3 e6 2. Bb2 d5 3. e3 Nc6 4. Bb5 Bd7 5. f4 Nf6 6. Nf3 Be7 7. 0-0 a6 8. Bxc6 Bxc6 9. Ne5 Bd7 10. d3 0-0 11. Nd2 c5 12. Rf3 Rc8 13. Rh3 Bc6 14. Qe2 b5 15. a4 b4 16. Nxc6 Rxc6 17. g4 Re8 18. g5 Nd7 19. Qh5 Nf8 20. Nf3 Rc7 21. Rf1 Bd6 22. Be5 Qd7 23. Kh1 c4 24. dxc4 dxc4 25. Rd1 Rc6 26. Bxg7 Kxg7 27. Ne5 Qb7 28. Nxc6 Qxc6+ 29. Qf3 Qxf3+ 30. Rxf3 Bc5 31. bxc4 a5 32. e4 Ng6 33. Rd7 Nh4 34. Rf1 Be7 35. Ra7 Bd8 36. Rd1 Rf8 37. c5 Ng6 38. Rad7 Be7 39. f5 exf5 40. exf5 Bxc5 41. fxg6 hxg6 42. R1d5 Bb6 43. Rb5 Bd8 44. Kg2 Re8 45. Rb8 1-0

[Event "Mallorca-ch (Women)"]
[Site "Mallorca"]
[Date "2019.04.20"]
[Round "3"]
[White "Kolotilina, Liudmila"]
[Black "Vicens Company, Maria Antonia"]
[Result "1-0"]
[WhiteElo "2227"]
[BlackElo "1855"]
[PlyCount "69"]
[EventDate "2019.04.19"]
[EventType "swiss"]
[EventRounds "5"]
[EventCountry "ESP"]
[SourceTitle "EXT 2024"]
[Source "ChessBase"]
[SourceDate "2023.10.10"]
[SourceVersion "1"]
[SourceVersionDate "2023.10.10"]
[SourceQuality "1"]

1. Nf3 Nf6 2. g3 g6 3. b3 Bg7 4. Bb2 d5 5. Bg2 c6 6. 0-0 0-0 7. c4 Nbd7 8. d3 Re8 9. Nbd2 e5 10. e4 d4 11. b4 a5 12. a3 b6 13. Ne1 Nf8 14. Nc2 Rb8 15. f4 c5 16. f5 Qe7 17. h4 Nh5 18. Qe1 Nd7 19. Bf3 Ndf6 20. Bxh5 Nxh5 21. Bc1 Kh8 22. Kh2 Rg8 23. Rf3 gxf5 24. exf5 Bb7 25. Ne4 Nf6 26. Bg5 h6 27. Bxf6 Bxf6 28. Rb1 Rg4 29. bxa5 bxa5 30. Rb6 Bxh4 31. Rxh6+ Kg8 32. Rxh4 Rxh4+ 33. gxh4 f6 34. Rg3+ Kh8 35. Qe2 1-0

[Event "ESP-ch 83rd"]
[Site "Linares"]
[Date "2018.08.28"]
[Round "9"]
[White "Garriga Cazorla, Pere"]
[Black "Kolotilina, Liudmila"]
[Result "1-0"]
[WhiteElo "2444"]
[BlackElo "2216"]
[PlyCount "69"]
[EventDate "2018.08.20"]
[EventType "swiss"]
[EventRounds "9"]
[EventCountry "ESP"]
[SourceTitle "CBM 186 Extra"]
[Source "ChessBase"]
[SourceDate "2018.08.24"]
[SourceVersion "1"]
[SourceVersionDate "2018.08.24"]
[SourceQuality "1"]

1. d4 d5 2. c4 e6 3. Nf3 Nf6 4. g3 c6 5. Nbd2 Ne4 6. Bg2 f5 7. 0-0 Nd7 8. Ne1 Bd6 9. Qc2 Qf6 10. Nb3 0-0 11. Nd3 Kh8 12. f3 Ng5 13. Ne5 dxc4 14. Nxc4 Bc7 15. e4 Qg6 16. e5 Nb6 17. Nxb6 axb6 18. Be3 Qh5 19. Kh1 Bd7 20. Nd2 Nh3 21. f4 g5 22. fxg5 Nxg5 23. a3 Rg8 24. Rae1 Nf7 25. Bf4 Bd8 26. Nc4 Qg6 27. Qe2 Ra4 28. b3 Ra7 29. a4 Be7 30. Nxb6 Bc8 31. d5 exd5 32. e6 Ng5 33. Qe5+ Bf6 34. Qb8 Bxe6 35. Qxa7 1-0

[Event "ESP-ch 83rd"]
[Site "Linares"]
[Date "2018.08.25"]
[Round "6"]
[White "Kolotilina, Liudmila"]
[Black "Sanchez Aller, Fernando"]
[Result "1-0"]
[WhiteElo "2216"]
[BlackElo "2345"]
[PlyCount "135"]
[EventDate "2018.08.20"]
[EventType "swiss"]
[EventRounds "9"]
[EventCountry "ESP"]
[SourceTitle "CBM 186 Extra"]
[Source "ChessBase"]
[SourceDate "2018.08.24"]
[SourceVersion "1"]
[SourceVersionDate "2018.08.24"]
[SourceQuality "1"]

1. e4 e5 2. Nf3 Nc6 3. d4 exd4 4. Nxd4 Bc5 5. Nxc6 bxc6 6. Bd3 Qh4 7. Qe2 Nf6 8. Be3 Bxe3 9. Qxe3 0-0 10. 0-0 Re8 11. Nd2 d6 12. Qg3 Qxg3 13. hxg3 Rb8 14. b3 Nd7 15. Rfe1 c5 16. a4 Ne5 17. Bb5 Re7 18. Rad1 a6 19. Be2 Nc6 20. Bc4 Bb7 21. f3 a5 22. Bd5 Nb4 23. Bxb7 Rxb7 24. Rc1 Kf8 25. Nc4 Ra7 26. Kf2 Rd7 27. Re2 Nc6 28. Rh1 Nd4 29. Rd2 Kg8 30. Rh5 Rd8 31. Ne3 Rb7 32. Rd1 h6 33. g4 f6 34. Rd2 Nc6 35. Nc4 Ra8 36. Rd1 Ne5 37. Nxe5 fxe5 38. g5 hxg5 39. Rdh1 Kf7 40. Rxg5 Rb4 41. Rh7 Rg8 42. Rf5+ Ke6 43. Rg5 c4 44. Rgxg7 Rxg7 45. Rxg7 c5 46. Ra7 c3 47. g4 Rd4 48. Rxa5 Rd2+ 49. Ke3 Rxc2 50. Kd3 Rf2 51. Kxc3 Rxf3+ 52. Kc2 Re3 53. Ra8 Rxe4 54. Rg8 Kf7 55. Rd8 Ke7 56. Rg8 Re2+ 57. Kb1 e4 58. a5 Rh2 59. a6 Rh1+ 60. Kb2 Rh2+ 61. Kb1 Rh1+ 62. Ka2 Rh2+ 63. Ka3 Rh1 64. a7 e3 65. a8Q Ra1+ 66. Kb2 Rxa8 67. Rxa8 d5 68. Kc2 1-0

[Event "Pardubice Czech op-A 28th"]
[Site "Pardubice"]
[Date "2017.07.27"]
[Round "7"]
[White "Matta, Vinay Kumar"]
[Black "Kolotilina, Liudmila"]
[Result "1/2-1/2"]
[WhiteElo "2326"]
[BlackElo "2205"]
[PlyCount "66"]
[EventDate "2017.07.21"]
[EventType "swiss"]
[EventRounds "9"]
[EventCountry "CZE"]
[SourceTitle "CBM 179 Extra"]
[Source "ChessBase"]
[SourceDate "2017.08.23"]
[SourceVersion "1"]
[SourceVersionDate "2017.08.23"]
[SourceQuality "1"]

1. e4 c5 2. Ne2 Nf6 3. Nbc3 d5 4. exd5 Nxd5 5. d4 Nxc3 6. bxc3 e6 7. Be3 Qa5 8. Qd2 Nc6 9. g3 cxd4 10. cxd4 Qd5 11. Rg1 Bb4 12. c3 Ba5 13. Nf4 Qd6 14. Bd3 e5 15. dxe5 Qxe5 16. Rc1 0-0 17. Kf1 Bg4 18. Qc2 h6 19. h3 Bf3 20. g4 Rac8 21. Qb3 Nd4 22. Qa3 Bxc3 23. Rxc3 Nb5 24. Rc5 Qxf4 25. Bxb5 Qh2 26. Rxc8 Rxc8 27. Bxa7 Qxh3+ 28. Ke1 Qh2 29. Rg3 Qh1+ 30. Bf1 Re8+ 31. Be3 Rd8 32. Bd4 Re8+ 33. Be3 Rd8 1/2-1/2

[Event "Salou op"]
[Site "Salou"]
[Date "2017.05.01"]
[Round "5"]
[White "Castillo Dalmau, Albert"]
[Black "Kolotilina, Liudmila"]
[Result "1-0"]
[WhiteElo "2141"]
[BlackElo "2180"]
[PlyCount "149"]
[EventDate "2017.04.29"]
[EventType "swiss"]
[EventRounds "6"]
[EventCountry "ESP"]
[SourceTitle "CBM 178 Extra"]
[Source "ChessBase"]
[SourceDate "2017.06.22"]
[SourceVersion "1"]
[SourceVersionDate "2017.06.22"]
[SourceQuality "1"]

1. c4 Nf6 2. g3 g6 3. Bg2 Bg7 4. Nc3 0-0 5. e4 d6 6. Nge2 c5 7. 0-0 Nc6 8. d3 a6 9. h3 Rb8 10. a4 Nd7 11. Be3 Nd4 12. f4 b6 13. Rb1 Bb7 14. f5 Bc6 15. b4 b5 16. axb5 axb5 17. bxc5 dxc5 18. Bxd4 cxd4 19. Nxb5 Bxb5 20. cxb5 Qa5 21. Qb3 Nc5 22. Qc4 Rbc8 23. Rbc1 Qd2 24. Nf4 Qe3+ 25. Kh2 Be5 26. Rf3 Qd2 27. Rc2 Qe1 28. Rf1 Qa5 29. fxg6 Qc7 30. gxf7+ Kh8 31. Qd5 Qd6 32. Qxd6 exd6 33. Nd5 Kg7 34. Ne7 Rb8 35. Nf5+ Kg6 36. Ne7+ Kg7 37. Nd5 Rxb5 38. Nc7 Rb6 39. Ne8+ Kg6 40. Bf3 Kxf7 41. Nc7 Kg7 42. Be2 Rxf1 43. Bxf1 Rb3 44. Rd2 Bxg3+ 45. Kg2 Bf4 46. Rd1 Rb2+ 47. Kf3 Be3 48. Nd5 Bd2 49. Ne7 Kf6 50. Nd5+ Kf7 51. Ra1 Rb3 52. Ra7+ Kg6 53. Ne7+ Kf6 54. Nd5+ Kg6 55. Ne7+ Kf7 56. Nf5+ Kg6 57. Nxd4 Rb1 58. Be2 Rh1 59. Nf5 Bb4 60. Rg7+ Kf6 61. Rxh7 Ne6 62. h4 Rh3+ 63. Kg4 Rh2 64. Bf3 Rd2 65. Rh6+ Kf7 66. Rh7+ Kf6 67. Ne3 Bc5 68. Nd5+ Kg6 69. Re7 Ng7 70. Nf4+ Kf6 71. Rd7 Ne6 72. Nh5+ Kg6 73. e5 Nf8 74. Be4+ Kh6 75. Rf7 1-0

[Event "Krakow op-A 27th"]
[Site "Krakow"]
[Date "2016.12.27"]
[Round "1"]
[White "Zylka, Stanislaw"]
[Black "Kolotilina, Liudmila"]
[Result "1-0"]
[WhiteElo "2342"]
[BlackElo "2163"]
[PlyCount "71"]
[EventDate "2016.12.27"]
[EventType "swiss"]
[EventRounds "9"]
[EventCountry "POL"]
[SourceTitle "CBM 176 Extra"]
[Source "ChessBase"]
[SourceDate "2017.03.02"]
[SourceVersion "1"]
[SourceVersionDate "2017.03.02"]
[SourceQuality "1"]

1. c4 f5 2. Nf3 Nf6 3. g3 g6 4. Bg2 Bg7 5. 0-0 0-0 6. Nc3 d6 7. d4 c6 8. d5 e5 9. dxe6 Bxe6 10. b3 Nh5 11. Nd4 Bf7 12. e3 Nd7 13. Qc2 f4 14. gxf4 Nxf4 15. Nxc6 bxc6 16. exf4 d5 17. Ba3 Re8 18. Rad1 Rc8 19. Bb2 Qh4 20. cxd5 cxd5 21. Qd2 Nf6 22. Rfe1 Rxe1+ 23. Rxe1 Ng4 24. Nxd5 Bxd5 25. Bxd5+ Kh8 26. Bxg7+ Kxg7 27. Qd4+ Kh6 28. h3 Nf6 29. Qxa7 Nh5 30. f5 Nf4 31. fxg6 hxg6 32. Qe3 g5 33. Qb6+ Ng6 34. Be4 Rg8 35. Bxg6 Rxg6 36. Re6 1-0

[Event "Calvia Amateur op 13th"]
[Site "Calvia"]
[Date "2016.10.14"]
[Round "7"]
[White "Kolotilina, Liudmila"]
[Black "Gavrish, Leonid"]
[Result "1-0"]
[WhiteElo "2143"]
[BlackElo "2158"]
[PlyCount "97"]
[EventDate "2016.10.08"]
[EventType "swiss"]
[EventRounds "9"]
[EventCountry "ESP"]
[SourceTitle "CBM 175 Extra"]
[Source "ChessBase"]
[SourceDate "2016.12.12"]
[SourceVersion "1"]
[SourceVersionDate "2016.12.12"]
[SourceQuality "1"]

1. e4 d6 2. d4 Nf6 3. Nc3 g6 4. Bg5 h6 5. Be3 Ng4 6. Bd2 Bg7 7. h3 Nf6 8. Be3 c6 9. Qd2 b5 10. Bd3 Nbd7 11. Nf3 Nb6 12. b3 a6 13. 0-0 Qc7 14. a4 b4 15. Ne2 c5 16. dxc5 dxc5 17. Rad1 Bb7 18. Bf4 Qc6 19. Ng3 Nfd7 20. a5 Bc3 21. Qe2 e5 22. Bd2 Nc8 23. Bxc3 bxc3 24. Bc4 Nd6 25. Qd3 Nxc4 26. Qxc4 Qb5 27. Qxc3 Qb4 28. Qd3 0-0-0 29. Qd6 Rhe8 30. Qd2 Nf6 31. Qxb4 cxb4 32. Nd2 Rd4 33. Nc4 Red8 34. Rxd4 exd4 35. e5 Ne4 36. Nxe4 Bxe4 37. Nd6+ Rxd6 38. exd6 Bxc2 39. Rc1 d3 40. Kf1 Kd7 41. Ke1 Bxb3 42. Rb1 Bd5 43. Rxb4 Bxg2 44. h4 f6 45. Rg4 Bb7 46. Rxg6 Kxd6 47. Rxf6+ Kc5 48. Rxh6 Kc4 49. Kd2 1-0

[Event "Getxo op 1st"]
[Site "Getxo"]
[Date "2016.09.16"]
[Round "9.7"]
[White "Kolotilina, Liudmila"]
[Black "Sanchez Carrasco, Francesco Javier"]
[Result "1-0"]
[WhiteElo "2143"]
[BlackElo "2023"]
[PlyCount "67"]
[EventDate "2016.09.10"]
[EventType "swiss"]
[EventCountry "ESP"]
[SourceTitle "EXT 2024"]
[Source "ChessBase"]
[SourceDate "2023.10.10"]
[SourceVersion "1"]
[SourceVersionDate "2023.10.10"]
[SourceQuality "1"]

1. e4 c5 2. Nf3 e6 3. d4 cxd4 4. Nxd4 Nf6 5. Nc3 Nc6 6. Nxc6 bxc6 7. e5 Nd5 8. Ne4 Qc7 9. f4 c5 10. c4 Nb6 11. Bd3 Bb7 12. b3 d5 13. cxd5 exd5 14. Ng5 c4 15. Qc2 Bb4+ 16. Bd2 Qe7 17. Bf5 g6 18. Bh3 d4 19. bxc4 Bxd2+ 20. Qxd2 h6 21. Nxf7 Kxf7 22. 0-0 Kg7 23. f5 gxf5 24. Bxf5 Qg5 25. Rf4 Nxc4 26. Qf2 Ne3 27. Rc1 Rhe8 28. Rc7+ Re7 29. h4 Rxc7 30. hxg5 Rc1+ 31. Kh2 hxg5 32. Rxd4 Rh8+ 33. Kg3 Nd5 34. Rxd5 1-0

[Event "Getxo op 1st"]
[Site "Getxo"]
[Date "2016.09.15"]
[Round "8.9"]
[White "Zaballa Zarzosa, Jon"]
[Black "Kolotilina, Liudmila"]
[Result "0-1"]
[WhiteElo "1874"]
[BlackElo "2143"]
[PlyCount "63"]
[EventDate "2016.09.10"]
[EventType "swiss"]
[EventCountry "ESP"]
[SourceTitle "EXT 2024"]
[Source "ChessBase"]
[SourceDate "2023.10.10"]
[SourceVersion "1"]
[SourceVersionDate "2023.10.10"]
[SourceQuality "1"]

1. d4 d5 2. Nc3 e6 3. e4 Nf6 4. e5 Nfd7 5. f4 c5 6. Nf3 Nc6 7. Be3 Be7 8. Qd2 0-0 9. dxc5 Nxc5 10. 0-0-0 a6 11. f5 b6 12. Kb1 Ra7 13. f6 gxf6 14. Bh6 fxe5 15. Qe1 Bf6 16. h4 Re8 17. Qg3+ Kh8 18. Bd3 Rg8 19. Qh2 Nxd3 20. Rxd3 Rd7 21. Ng5 Rg6 22. Nxh7 Rxh6 23. Nxf6 Qxf6 24. g4 Qf4 25. Qg1 Nd4 26. g5 Rg6 27. Rg3 Nf3 28. Qg2 e4 29. Ne2 Qe5 30. Rg4 Nd2+ 31. Kc1 Nc4 32. Rh3 0-1

[Event "Getxo op 1st"]
[Site "Getxo"]
[Date "2016.09.11"]
[Round "2.8"]
[White "Dura Olmos, Gines Raul"]
[Black "Kolotilina, Liudmila"]
[Result "0-1"]
[WhiteElo "1976"]
[BlackElo "2143"]
[PlyCount "70"]
[EventDate "2016.09.10"]
[EventType "swiss"]
[EventCountry "ESP"]
[SourceTitle "EXT 2024"]
[Source "ChessBase"]
[SourceDate "2023.10.10"]
[SourceVersion "1"]
[SourceVersionDate "2023.10.10"]
[SourceQuality "1"]

1. e4 e6 2. d4 d5 3. Nc3 Be7 4. Bb5+ c6 5. Bd3 c5 6. exd5 exd5 7. dxc5 Nf6 8. Nf3 Bxc5 9. Bg5 Be6 10. 0-0 0-0 11. Qd2 Nc6 12. Qf4 Be7 13. a3 Qd7 14. Nh4 d4 15. Ne4 Nh5 16. Qc1 f6 17. Bd2 f5 18. Ng5 Bd5 19. Qd1 g6 20. Re1 Nf6 21. Nhf3 h6 22. Nh3 g5 23. Ne5 Nxe5 24. Rxe5 Be4 25. Bc4+ Kg7 26. Bxg5 hxg5 27. Nxg5 Kg6 28. Ne6 Qd6 29. Nxf8+ Rxf8 30. Re6 Qc7 31. Bb3 Rh8 32. h3 Bc5 33. Qe2 d3 34. cxd3 Rxh3 35. dxe4 Qh2+ 0-1

[Event "Getxo op 1st"]
[Site "Getxo"]
[Date "2016.09.10"]
[Round "1.11"]
[White "Kolotilina, Liudmila"]
[Black "San Roman Fernandez, Ekaitz"]
[Result "1-0"]
[WhiteElo "2143"]
[BlackElo "1710"]
[PlyCount "63"]
[EventDate "2016.09.10"]
[EventType "swiss"]
[EventCountry "ESP"]
[SourceTitle "EXT 2024"]
[Source "ChessBase"]
[SourceDate "2023.10.10"]
[SourceVersion "1"]
[SourceVersionDate "2023.10.10"]
[SourceQuality "1"]

1. e4 e5 2. Nf3 Nc6 3. d4 exd4 4. Nxd4 Nf6 5. Nxc6 dxc6 6. Qxd8+ Kxd8 7. f3 Be6 8. Be3 Bd6 9. Bd4 Ne8 10. Nd2 b5 11. a4 a6 12. axb5 cxb5 13. Bxb5 c5 14. Bc3 Nc7 15. Bc6 Rb8 16. 0-0 f6 17. b3 Ke7 18. Rfe1 Rb6 19. Ba4 Rd8 20. g3 Nb5 21. Ba5 Bc7 22. Bxb6 Bxb6 23. Nc4 Bxc4 24. bxc4 Nd4 25. Kf2 Ba5 26. Re3 Bc7 27. Rb1 Be5 28. f4 Bc7 29. Rb7 Rc8 30. c3 Ne6 31. Rd3 Nd8 32. Rd7+ 1-0

[Event "ESP-ch 81st"]
[Site "Linares"]
[Date "2016.08.09"]
[Round "5"]
[White "Cuenca Jimenez, Jose Fernando"]
[Black "Kolotilina, Liudmila"]
[Result "1-0"]
[WhiteElo "2541"]
[BlackElo "2125"]
[PlyCount "75"]
[EventDate "2016.08.05"]
[EventType "swiss"]
[EventRounds "9"]
[EventCountry "ESP"]
[SourceTitle "CBM 173 Extra"]
[Source "ChessBase"]
[SourceDate "2016.08.29"]
[SourceVersion "1"]
[SourceVersionDate "2016.08.29"]
[SourceQuality "1"]

1. c4 e6 2. Nf3 d5 3. b3 a5 4. e3 a4 5. bxa4 Nf6 6. Be2 Ne4 7. 0-0 Be7 8. Bb2 Bf6 9. Bxf6 Qxf6 10. d4 Nd7 11. Bd3 0-0 12. Qc2 c5 13. cxd5 exd5 14. Bxe4 dxe4 15. Qxe4 cxd4 16. Qxd4 Qxd4 17. Nxd4 Rxa4 18. Nc3 Ra5 19. Rfc1 Nc5 20. Rab1 Ne6 21. Nb3 Ra6 22. Rd1 Nd8 23. a4 Rg6 24. Nd5 Nc6 25. Nc5 Bg4 26. Rd2 Bf3 27. Nf4 Rg5 28. Nxb7 Ne5 29. Kf1 Bxg2+ 30. Nxg2 Nf3 31. Ra2 Nxh2+ 32. Ke2 Rxg2 33. a5 f5 34. a6 Ng4 35. Kf3 Rh2 36. a7 h5 37. Nd6 h4 38. Rb6 1-0

[Event "ESP-ch 81st"]
[Site "Linares"]
[Date "2016.08.06"]
[Round "2"]
[White "Kolotilina, Liudmila"]
[Black "Fernandez Diaz, Cristian"]
[Result "1-0"]
[WhiteElo "2125"]
[BlackElo "2332"]
[PlyCount "43"]
[EventDate "2016.08.05"]
[EventType "swiss"]
[EventRounds "9"]
[EventCountry "ESP"]
[SourceTitle "CBM 173 Extra"]
[Source "ChessBase"]
[SourceDate "2016.08.29"]
[SourceVersion "1"]
[SourceVersionDate "2016.08.29"]
[SourceQuality "1"]

1. e4 c5 2. Nf3 d6 3. d4 cxd4 4. Nxd4 Nf6 5. Nc3 Nc6 6. f3 e6 7. Be3 a6 8. Qd2 Be7 9. 0-0-0 Nxd4 10. Bxd4 e5 11. Be3 Be6 12. Kb1 Qc7 13. Nd5 Nxd5 14. exd5 Bd7 15. f4 exf4 16. Bd4 0-0 17. Qxf4 Rfe8 18. Bd3 Bf8 19. c4 Rad8 20. Rhf1 Bc8 21. Rf3 Re5 22. Bf1 1-0